Groupe de musique par image - Statistiques

Statistiques générales
  • Ce quiz a été pris 117 fois
  • Le résultat moyen est 4 sur 8
Statistiques - réponses
Par images Réponse % Correct
Rolling stones
92%
Nirvana
81%
Louise attaque
60%
Queen
58%
Bande organisée
30%
Indochine
29%
Kyo
9%
Thérapie taxi
2%
Aucun quiz correspondant
Distribution des résultats
% des personnes avec chaque résultat
Percentile par nombre de réponses
Votre historique - résultats
Vous n’avez pas pris ce quiz